000 01170nam0a22002891 4500
001 RU\NLR\BIBL_A\022670482
005 20260405103137.0
035 _a(NLR Aleph) 022670482
090 _a88935
_c88935
100 _a20251120d1944 u y0rusy50 ca
101 0 _arus
102 _aRU
105 _aa zzzz ||
181 0 _ai
_baxxe
182 0 _an
200 1 _aПлоский качающийся грохот типа "Феррариса" 400х1500 мм
_e(По проекту Гипрозолото)
203 _aТекст
_bвизуальный
_cнепосредственный
210 _aМ.
_cОтрасл. бюро техн. информации Главзолото
_d1944
_gтип. "Кр. звезда"
215 _aТит.л., 16 с.
_cчерт.
_d21
300 _aБез обл.
606 _aГрохоты качающиеся
712 0 1 _aСССР
_bГлавное управление золотоплатиновой промышленности
_3RU\NLR\AUTH\889972419
_4570
_9441322
852 _aNLR
_jТ26 Г-4/154
942 _cBOOK
945 _aРоссийская национальная библиотека
980 _aBV